[Event "FBL O"]
[Site "?"]
[Date "2018.11.18"]
[Round "4.4"]
[White "Herbrig, Marie Helen"]
[Black "Giebel, Christine"]
[Result "1-0"]
[WhiteElo "1840"]
[BlackElo "1847"]
[PlyCount "57"]
[EventDate "2018.10.27"]
[EventType "team-tourn"]
[EventCountry "GER"]
[WhiteTeam "Leipzig SC Lindenau"]
[BlackTeam "Loeberitz SG"]
[WhiteTeamCountry "GER"]
[BlackTeamCountry "GER"]

1. d4 Nf6 2. Nf3 g6 3. Bg5 Bg7 4. Nbd2 d6 5. e4 Nbd7 6. e5 dxe5 7. Nxe5 Nxe5 8.
dxe5 Ng4 9. f4 Qd4 10. Qf3 Qe3+ 11. Be2 f6 12. exf6 exf6 13. Bh4 c6 14. O-O-O
Qxf3 15. Bxf3 Kf7 16. Nc4 Be6 17. Nd6+ Kf8 18. Rhe1 Bf5 19. Nxb7 Bh6 20. Bg3
Ne5 21. Be2 Rb8 22. Nd6 Be6 23. Kb1 Ng4 24. Bf3 Bd5 25. Bxg4 Bxg2 26. Be6 f5
27. Nf7 Bg7 28. Rd8+ Ke7 29. Bh4+ 1-0

[Event "FBL O"]
[Site "?"]
[Date "2018.11.18"]
[Round "4.5"]
[White "Schuster, Rebekka"]
[Black "Spangenberg, Pia"]
[Result "0-1"]
[WhiteElo "1822"]
[BlackElo "1779"]
[PlyCount "86"]
[EventDate "2018.10.27"]
[EventType "team-tourn"]
[EventCountry "GER"]
[WhiteTeam "Loeberitz SG"]
[BlackTeam "Leipzig SC Lindenau"]
[WhiteTeamCountry "GER"]
[BlackTeamCountry "GER"]

1. e4 d5 2. exd5 Nf6 3. d4 Nxd5 4. c4 Nb6 5. Nc3 Nc6 6. Be3 Bf5 7. Nf3 e5 8.
Nxe5 Nxe5 9. dxe5 Qxd1+ 10. Rxd1 Bb4 11. Bd2 O-O-O 12. Nd5 Bxd2+ 13. Rxd2 Rhe8
14. Nxb6+ axb6 15. Rxd8+ Kxd8 16. Kd2 Rxe5 17. Bd3 b5 18. Rc1 Bxd3 19. Kxd3 Rc5
20. Rc3 Rf5 21. Ke3 bxc4 22. Rxc4 c6 23. Rd4+ Ke7 24. Rf4 Rxf4 25. Kxf4 Kd6 26.
Ke4 Kc5 27. Ke5 b5 28. f4 Kb4 29. Kd6 c5 30. a3+ Kc4 31. b3+ Kd4 32. a4 bxa4
33. bxa4 c4 34. a5 c3 35. a6 c2 36. a7 c1=Q 37. a8=Q Qxf4+ 38. Ke7 Qf6+ 39. Kd7
Qe6+ 40. Kc7 Qe7+ 41. Kb6 Qc5+ 42. Ka6 Qa3+ 43. Kb7 Qxa8+ 0-1

[Event "FBL O"]
[Site "?"]
[Date "2018.11.18"]
[Round "4.6"]
[White "Neumeyer, Hannelore"]
[Black "Reiss, Viktoria"]
[Result "1/2-1/2"]
[WhiteElo "1886"]
[BlackElo "1374"]
[PlyCount "60"]
[EventDate "2018.10.27"]
[EventType "team-tourn"]
[EventCountry "GER"]
[WhiteTeam "Leipzig SC Lindenau"]
[BlackTeam "Loeberitz SG"]
[WhiteTeamCountry "GER"]
[BlackTeamCountry "GER"]

1. d4 e6 2. e4 d5 3. c3 Nf6 4. e5 Nfd7 5. Bd3 c5 6. Ne2 Qb6 7. O-O Nc6 8. Bc2
Be7 9. Kh1 f6 10. f4 O-O 11. Qd3 f5 12. b3 Rf7 13. Be3 Nf8 14. a4 a6 15. Nd2
Qa7 16. dxc5 Bxc5 17. Bxc5 Qxc5 18. b4 Qb6 19. Nf3 h6 20. Rab1 Qd8 21. Ned4 Rc7
22. Bb3 Bd7 23. Rfd1 Rac8 24. Rbc1 Nxb4 25. Qb1 Rxc3 26. Rxc3 Rxc3 27. Ne2 Rc5
28. Nfd4 a5 29. g4 fxg4 30. Ng3 Qc8 1/2-1/2

[Event "FBL O"]
[Site "?"]
[Date "2018.11.18"]
[Round "4.1"]
[White "Szczepkowska, Karina"]
[Black "Halas, Julia"]
[Result "1-0"]
[WhiteElo "2404"]
[BlackElo "1879"]
[PlyCount "59"]
[EventDate "2018.10.27"]
[EventType "team-tourn"]
[EventCountry "GER"]
[WhiteTeam "Leipzig SV Blauweiss Allianz"]
[BlackTeam "Leipzig SG"]
[WhiteTeamCountry "GER"]
[BlackTeamCountry "GER"]

1. d4 Nf6 2. c4 g6 3. Nc3 Bg7 4. e4 d6 5. Bd3 O-O 6. Nge2 Nc6 7. h3 Nd7 8. Be3
e5 9. d5 Nd4 10. Qd2 Nc5 11. Bb1 Ndb3 12. axb3 Nxb3 13. Qd1 Nxa1 14. g4 Qh4 15.
Ng3 Bh6 16. Bxh6 Qxh6 17. Bd3 Qf4 18. Qxa1 Bd7 19. Qd1 c6 20. Qd2 Qf6 21. Qh6
a5 22. O-O Qe7 23. Na4 Qd8 24. c5 dxc5 25. Nxc5 b6 26. Nxd7 Qxd7 27. Bc4 cxd5
28. Bxd5 Ra7 29. Nf5 gxf5 30. gxf5 1-0

[Event "FBL O"]
[Site "?"]
[Date "2018.11.18"]
[Round "4.2"]
[White "Beltz, Martina"]
[Black "Kulon, Klaudia"]
[Result "0-1"]
[WhiteElo "1943"]
[BlackElo "2327"]
[PlyCount "42"]
[EventDate "2018.10.27"]
[EventType "team-tourn"]
[EventCountry "GER"]
[WhiteTeam "Leipzig SG"]
[BlackTeam "Leipzig SV Blauweiss Allianz"]
[WhiteTeamCountry "GER"]
[BlackTeamCountry "GER"]

1. d4 Nf6 2. Nf3 g6 3. g3 Bg7 4. Bg2 O-O 5. O-O d6 6. c4 Nc6 7. Nc3 e5 8. e3
Bf5 9. b3 Qc8 10. Ba3 Re8 11. d5 Nb8 12. c5 dxc5 13. Bxc5 Nbd7 14. Ba3 Nb6 15.
Rc1 Qd7 16. d6 c6 17. Ng5 e4 18. f3 exf3 19. Nxf3 Rxe3 20. Qd2 Rae8 21. Nd4 Rd3
0-1

[Event "FBL O"]
[Site "?"]
[Date "2018.11.18"]
[Round "4.3"]
[White "Daemering, Katrin"]
[Black "Petri, Birgit"]
[Result "1-0"]
[WhiteElo "2026"]
[BlackElo "1995"]
[PlyCount "73"]
[EventDate "2018.10.27"]
[EventType "team-tourn"]
[EventCountry "GER"]
[WhiteTeam "Leipzig SV Blauweiss Allianz"]
[BlackTeam "Leipzig SG"]
[WhiteTeamCountry "GER"]
[BlackTeamCountry "GER"]

1. e4 c5 2. Nf3 e6 3. d4 cxd4 4. Nxd4 Nc6 5. Nc3 Qc7 6. Be3 a6 7. Be2 b5 8. a3
Bb7 9. O-O d6 10. f4 Nf6 11. Nb3 Be7 12. Bf3 O-O 13. Qe1 Rad8 14. Qf2 Nd7 15.
Rad1 Na5 16. Nxa5 Qxa5 17. e5 d5 18. Ne2 Rc8 19. Nd4 Qc7 20. c3 Nc5 21. Qg3
Rfd8 22. f5 exf5 23. Nxf5 Bf8 24. Bg5 Rd7 25. Nh6+ Kh8 26. Bg4 Ne4 27. Qh4 gxh6
28. Be3 Bg7 29. Bxd7 Qxd7 30. Qxe4 Rd8 31. Qf5 Qc6 32. Bd4 Rd7 33. Qf4 Qe6 34.
Rde1 Bc8 35. b4 Rb7 36. Rf3 Bd7 37. Qxf7 1-0

[Event "FBL O"]
[Site "?"]
[Date "2018.11.18"]
[Round "4.4"]
[White "Gempe, Anet"]
[Black "Germann, Heike"]
[Result "1/2-1/2"]
[WhiteElo "1975"]
[BlackElo "2078"]
[PlyCount "85"]
[EventDate "2018.10.27"]
[EventType "team-tourn"]
[EventCountry "GER"]
[WhiteTeam "Leipzig SG"]
[BlackTeam "Leipzig SV Blauweiss Allianz"]
[WhiteTeamCountry "GER"]
[BlackTeamCountry "GER"]

1. e4 c5 2. Nf3 Nc6 3. d4 cxd4 4. Nxd4 g6 5. Be3 Bg7 6. Be2 Nf6 7. Nc3 O-O 8.
O-O d5 9. exd5 Nb4 10. Bf3 Nbxd5 11. Nxd5 Nxd5 12. Bxd5 Qxd5 13. c3 e5 14. Nb3
Qb5 15. Qc1 b6 16. f4 Be6 17. fxe5 Bxb3 18. axb3 Qxb3 19. Bd4 a5 20. Rf2 a4 21.
Ra3 Qe6 22. Qe3 b5 23. Ra1 Rad8 24. Raf1 Rd7 25. Qg5 Qd5 26. Qe3 Re8 27. Re2 b4
28. Rd1 a3 29. bxa3 bxa3 30. Ra1 Bf8 31. Qf2 Rb7 32. h3 Rb3 33. Kh2 Bg7 34. Qf4
Qc4 35. Qf2 Rxc3 36. Bxc3 Qxc3 37. Rf1 Bxe5+ 38. Kh1 f6 39. Re3 Qb2 40. Re2 Qb5
41. Rfe1 Qa6 42. Qc5 Rc8 43. Qd5+ 1/2-1/2

[Event "FBL O"]
[Site "?"]
[Date "2018.11.18"]
[Round "4.5"]
[White "Kalies, Grit"]
[Black "Lobe, Sandra"]
[Result "1/2-1/2"]
[WhiteElo "1991"]
[BlackElo "1814"]
[PlyCount "66"]
[EventDate "2018.10.27"]
[EventType "team-tourn"]
[EventCountry "GER"]
[WhiteTeam "Leipzig SV Blauweiss Allianz"]
[BlackTeam "Leipzig SG"]
[WhiteTeamCountry "GER"]
[BlackTeamCountry "GER"]

1. e4 d6 2. d4 Nf6 3. Bd3 e5 4. Ne2 Nbd7 5. c3 g6 6. f3 Bg7 7. Be3 c6 8. O-O
O-O 9. Qc2 Qe7 10. Bg5 Re8 11. Nd2 Nf8 12. Rad1 Qc7 13. Bh4 Ne6 14. Bc4 Nh5 15.
d5 Nef4 16. Nxf4 Nxf4 17. dxc6 bxc6 18. Bb3 Ba6 19. Bc4 d5 20. Bxa6 Qb6+ 21.
Bf2 Qxa6 22. Nb3 Rad8 23. Be3 Ne6 24. Rd2 d4 25. Bf2 c5 26. c4 Bh6 27. Rdd1 Qd6
28. Nc1 Bxc1 29. Rxc1 Nf4 30. Qd2 Qe7 31. Rfd1 Qg5 32. Bg3 h5 33. Bxf4 exf4
1/2-1/2

[Event "FBL O"]
[Site "?"]
[Date "2018.11.18"]
[Round "4.6"]
[White "Halas, Lena"]
[Black "Just, Anita"]
[Result "1-0"]
[WhiteElo "1758"]
[BlackElo "1888"]
[PlyCount "149"]
[EventDate "2018.10.27"]
[EventType "team-tourn"]
[EventCountry "GER"]
[WhiteTeam "Leipzig SG"]
[BlackTeam "Leipzig SV Blauweiss Allianz"]
[WhiteTeamCountry "GER"]
[BlackTeamCountry "GER"]

1. e4 e6 2. d4 d5 3. exd5 exd5 4. Bd3 Nc6 5. Ne2 Bd6 6. c3 Nge7 7. Bf4 Bf5 8.
O-O Qd7 9. b4 Bxd3 10. Qxd3 O-O-O 11. a4 Qf5 12. Qd2 Bxf4 13. Qxf4 Rd6 14. a5
Re6 15. Qxf5 Nxf5 16. Nf4 Re4 17. Nxd5 Rd8 18. Ne3 Nxe3 19. fxe3 Rxe3 20. Rxf7
Re1+ 21. Rf1 Rde8 22. Nd2 Rxa1 23. Rxa1 Re3 24. Rc1 Ne7 25. Nc4 Re2 26. Kf1 Ra2
27. Ne3 Kd7 28. Rc2 Ra1+ 29. Kf2 Kc6 30. Ke2 a6 31. Kd3 Kd6 32. Rf2 Ke6 33. Kc4
Re1 34. Kd3 Rh1 35. h3 Rc1 36. Kd2 Ra1 37. Kd3 Rc1 38. Rf8 Ng6 39. Re8+ Kd7 40.
Rg8 Nf4+ 41. Kd2 Ra1 42. Rxg7+ Kc6 43. Rg4 Ra2+ 44. Nc2 Nd5 45. Rh4 Kb5 46. Kd3
Ka4 47. Rxh7 Kb3 48. Ne3 Nxe3 49. Kxe3 Kxc3 50. Rxc7+ Kxb4 51. Rxb7+ Kc4 52.
Rc7+ Kd5 53. Rc5+ Kd6 54. Rg5 Ke7 55. Ke4 Kf6 56. h4 Re2+ 57. Kd5 Rd2 58. g4
Rd1 59. Rf5+ Ke7 60. h5 Rg1 61. g5 Ra1 62. Kc6 Rc1+ 63. Rc5 Rd1 64. Re5+ Kf7
65. g6+ Kf6 66. Kd5 Rh1 67. Re6+ Kg7 68. Re7+ Kg8 69. Re5 Kg7 70. Ke6 Ra1 71.
Ke7 Ra4 72. Rd5 Ra1 73. Kd8 Rb1 74. Rd7+ Kg8 75. h6 1-0

[Event "FBL O"]
[Site "?"]
[Date "2018.11.18"]
[Round "4.1"]
[White "Arnhold, Steffi"]
[Black "Mucha, Annegret"]
[Result "0-1"]
[WhiteElo "1959"]
[BlackElo "2033"]
[PlyCount "66"]
[EventDate "2018.10.27"]
[EventType "team-tourn"]
[EventCountry "GER"]
[WhiteTeam "Niederwiesa SV Gruen Weiss"]
[BlackTeam "Zeulenroda SC Rochade"]
[WhiteTeamCountry "GER"]
[BlackTeamCountry "GER"]

1. e4 c5 2. Nf3 d6 3. d4 cxd4 4. Nxd4 Nf6 5. Nc3 a6 6. Bg5 Nbd7 7. f4 h6 8. Bh4
Qa5 9. Qf3 g6 10. Bd3 Bg7 11. Bf2 Nc5 12. O-O Nxd3 13. cxd3 O-O 14. h3 e5 15.
Nb3 Qd8 16. d4 exf4 17. Qxf4 Nh5 18. Qd2 Bd7 19. Rae1 g5 20. Qd1 Nf4 21. Bg3
Bb5 22. Nxb5 axb5 23. Bxf4 gxf4 24. Rxf4 Rxa2 25. Rg4 h5 26. Rg3 Qh4 27. Ree3
Kh8 28. Qb1 Ra4 29. Qd3 Rc4 30. e5 dxe5 31. dxe5 Bh6 32. Ref3 Rd8 33. Qf5 Rf4
0-1

[Event "FBL O"]
[Site "?"]
[Date "2018.11.18"]
[Round "4.2"]
[White "Skibbe, Diana"]
[Black "Arnhold, Kerstin"]
[Result "1/2-1/2"]
[WhiteElo "2031"]
[BlackElo "2029"]
[PlyCount "61"]
[EventDate "2018.10.27"]
[EventType "team-tourn"]
[EventCountry "GER"]
[WhiteTeam "Zeulenroda SC Rochade"]
[BlackTeam "Niederwiesa SV Gruen Weiss"]
[WhiteTeamCountry "GER"]
[BlackTeamCountry "GER"]

1. e4 c5 2. Nf3 d6 3. d4 cxd4 4. Nxd4 Nf6 5. Nc3 a6 6. Bg5 e6 7. f4 Be7 8. e5
dxe5 9. fxe5 Nfd7 10. Bxe7 Qxe7 11. Nf3 Nc6 12. Qe2 O-O 13. O-O-O b5 14. Qe4
Bb7 15. Bd3 g6 16. Qf4 Nb4 17. Be4 Bxe4 18. Nxe4 Nd5 19. Qg3 Rac8 20. Kb1 Rc4
21. Nfd2 Rc6 22. Nb3 Qb4 23. Rd4 Rc4 24. Rhd1 Qe7 25. c3 f6 26. exf6 N7xf6 27.
Nxf6+ Qxf6 28. a3 Qf5+ 29. Qd3 Ne3 30. Qxf5 exf5 31. Rg1 1/2-1/2

[Event "FBL O"]
[Site "?"]
[Date "2018.11.18"]
[Round "4.3"]
[White "Nobis, Martina"]
[Black "Jacke, Corinna"]
[Result "1/2-1/2"]
[WhiteElo "1877"]
[BlackElo "1996"]
[PlyCount "42"]
[EventDate "2018.10.27"]
[EventType "team-tourn"]
[EventCountry "GER"]
[WhiteTeam "Niederwiesa SV Gruen Weiss"]
[BlackTeam "Zeulenroda SC Rochade"]
[WhiteTeamCountry "GER"]
[BlackTeamCountry "GER"]

1. e4 e6 2. d4 d5 3. Nd2 Nf6 4. e5 Nfd7 5. Bd3 c5 6. c3 Nc6 7. Ndf3 cxd4 8.
cxd4 f6 9. exf6 Nxf6 10. Ne2 Bd6 11. O-O O-O 12. Bg5 Qe8 13. Rc1 Ne4 14. Be3
Qh5 15. Ng3 Nxg3 16. fxg3 Bd7 17. a3 e5 18. dxe5 Nxe5 19. Nxe5 Rxf1+ 20. Bxf1
Qxe5 21. Qd2 a6 1/2-1/2

[Event "FBL O"]
[Site "?"]
[Date "2018.11.18"]
[Round "4.4"]
[White "Schott, Maria"]
[Black "Orlova, Liubov"]
[Result "1/2-1/2"]
[WhiteElo "1816"]
[BlackElo "2015"]
[PlyCount "33"]
[EventDate "2018.10.27"]
[EventType "team-tourn"]
[EventCountry "GER"]
[WhiteTeam "Zeulenroda SC Rochade"]
[BlackTeam "Niederwiesa SV Gruen Weiss"]
[WhiteTeamCountry "GER"]
[BlackTeamCountry "GER"]

1. Nf3 Nf6 2. c4 e6 3. Nc3 d5 4. d4 Be7 5. Bg5 h6 6. Bh4 O-O 7. e3 Ne4 8. Bxe7
Qxe7 9. Qc2 Nxc3 10. Qxc3 c6 11. Be2 Nd7 12. c5 Re8 13. O-O e5 14. Nxe5 Nxe5
15. dxe5 Qxe5 16. Qxe5 Rxe5 17. Bd3 1/2-1/2

[Event "FBL O"]
[Site "?"]
[Date "2018.11.18"]
[Round "4.5"]
[White "Schiffer, Sabine"]
[Black "Wagner, Victoria"]
[Result "1/2-1/2"]
[WhiteElo "1829"]
[BlackElo "1772"]
[PlyCount "33"]
[EventDate "2018.10.27"]
[EventType "team-tourn"]
[EventCountry "GER"]
[WhiteTeam "Niederwiesa SV Gruen Weiss"]
[BlackTeam "Zeulenroda SC Rochade"]
[WhiteTeamCountry "GER"]
[BlackTeamCountry "GER"]

1. d4 Nf6 2. c4 c5 3. e3 g6 4. Nf3 Bg7 5. Nc3 b6 6. d5 d6 7. Bd3 O-O 8. Rb1 Na6
9. a3 Nc7 10. e4 e5 11. Bg5 h6 12. Bd2 Bd7 13. O-O Qc8 14. Nh4 Nh5 15. Qc1 Nf4
16. Bc2 g5 17. Nf5 1/2-1/2

[Event "FBL O"]
[Site "?"]
[Date "2018.12.09"]
[Round "5.1"]
[White "Wong, Kar Yan"]
[Black "Arnhold, Steffi"]
[Result "0-1"]
[WhiteElo "1762"]
[BlackElo "2040"]
[PlyCount "40"]
[EventDate "2018.10.27"]
[EventType "team-tourn"]
[EventCountry "GER"]
[WhiteTeam "Dresden USV TU"]
[BlackTeam "Niederwiesa SV Gruen Weiss"]
[WhiteTeamCountry "GER"]
[BlackTeamCountry "GER"]

1. e4 c5 2. Nf3 e6 3. d4 cxd4 4. Nxd4 a6 5. Bd3 Bc5 6. Nb3 Ba7 7. O-O Nc6 8. a3
Nf6 9. Re1 d6 10. Be3 O-O 11. f4 Bxe3+ 12. Rxe3 Qb6 13. Kf2 e5 14. f5 d5 15. g4
dxe4 16. Bc4 Rd8 17. Qe2 Nd4 18. Nxd4 exd4 19. Rb3 Qc5 20. Kf1 b5 0-1

[Event "FBL O"]
[Site "?"]
[Date "2018.12.09"]
[Round "5.2"]
[White "Arnhold, Kerstin"]
[Black "von Keyserlingk, Chanda"]
[Result "1-0"]
[WhiteElo "2029"]
[BlackElo "1746"]
[PlyCount "65"]
[EventDate "2018.10.27"]
[EventType "team-tourn"]
[EventCountry "GER"]
[WhiteTeam "Niederwiesa SV Gruen Weiss"]
[BlackTeam "Dresden USV TU"]
[WhiteTeamCountry "GER"]
[BlackTeamCountry "GER"]

1. e4 c5 2. Nf3 d6 3. d4 cxd4 4. Nxd4 Nf6 5. Nc3 g6 6. Be3 Bg7 7. Bc4 O-O 8. f3
Nc6 9. Qd2 Bd7 10. O-O-O Ne5 11. Bb3 Qa5 12. Bh6 Rfc8 13. Bxg7 Kxg7 14. g4 Rc5
15. h4 Rac8 16. h5 Rxc3 17. bxc3 Nxf3 18. Nxf3 Qxc3 19. Qxc3 Rxc3 20. Rd3 Nxe4
21. Rxc3 Nxc3 22. hxg6 hxg6 23. Ng5 Bxg4 24. Nxf7 Bf3 25. Re1 Kf8 26. Re3 Ne2+
27. Kd2 Nd4 28. Ng5 Nxb3+ 29. axb3 Bg4 30. Rc3 Kg7 31. Rc7 Kh6 32. Nf7+ Kh5 33.
Rxe7 1-0

[Event "FBL O"]
[Site "?"]
[Date "2018.12.09"]
[Round "5.4"]
[White "Kindt, Ulrike"]
[Black "Hartmann, Anne"]
[Result "1/2-1/2"]
[WhiteElo "1770"]
[BlackElo "1791"]
[PlyCount "105"]
[EventDate "2018.10.27"]
[EventType "team-tourn"]
[EventCountry "GER"]
[WhiteTeam "Niederwiesa SV Gruen Weiss"]
[BlackTeam "Dresden USV TU"]
[WhiteTeamCountry "GER"]
[BlackTeamCountry "GER"]

1. d4 g6 2. Nf3 Bg7 3. e4 d6 4. c3 Nc6 5. Bb5 Bd7 6. O-O e5 7. d5 Nce7 8. Bxd7+
Qxd7 9. Re1 h6 10. Nbd2 f5 11. c4 f4 12. h3 g5 13. Nh2 Nf6 14. f3 h5 15. Qb3
O-O-O 16. Qb5 Rdg8 17. Qxd7+ Kxd7 18. Nb3 Bf8 19. Bd2 g4 20. Kh1 gxh3 21. gxh3
Rg3 22. h4 Ng6 23. Rf1 Nxh4 24. Be1 Rh3 25. Bxh4 Rxh4 26. Rg1 Ng4 27. Rg2 Ne3
28. Re2 Rg8 29. Nd2 Rg3 30. b3 Be7 31. Ndf1 Rxf3 32. Nxe3 Rxe3 33. Rae1 Rxe2
34. Rxe2 f3 35. Rf2 Rxe4 36. Nxf3 Rf4 37. Kg2 h4 38. Nd2 h3+ 39. Kg1 Rh4 40.
Kh2 Bg5 41. Nf1 Bf4+ 42. Kh1 e4 43. Re2 Bg5 44. Ng3 e3 45. Nf1 Re4 46. Kh2 Ke7
47. Kxh3 Kf6 48. Ng3 Rd4 49. Kg2 Rd2 50. Kf3 Rxe2 51. Nxe2 Ke5 52. Kg4 Kf6 53.
Kf3 1/2-1/2

[Event "FBL O"]
[Site "?"]
[Date "2018.12.09"]
[Round "5.5"]
[White "Gottschall, Ina"]
[Black "Schiffer, Sabine"]
[Result "1/2-1/2"]
[WhiteElo "1641"]
[BlackElo "1789"]
[PlyCount "32"]
[EventDate "2018.10.27"]
[EventType "team-tourn"]
[EventCountry "GER"]
[WhiteTeam "Dresden USV TU"]
[BlackTeam "Niederwiesa SV Gruen Weiss"]
[WhiteTeamCountry "GER"]
[BlackTeamCountry "GER"]

1. d4 d5 2. c4 Nf6 3. Nc3 e6 4. Bg5 Be7 5. Nf3 Nbd7 6. cxd5 exd5 7. e3 O-O 8.
Bd3 c5 9. O-O h6 10. Bh4 a6 11. Rc1 c4 12. Bb1 b5 13. Ne5 Bb7 14. Qc2 Ne4 15.
Nxd7 Qxd7 16. f3 Nf6 1/2-1/2

[Event "FBL O"]
[Site "?"]
[Date "2018.12.09"]
[Round "5.1"]
[White "Lorenz, Nicole"]
[Black "Beltz, Franziska"]
[Result "0-1"]
[WhiteElo "1934"]
[BlackElo "2043"]
[PlyCount "120"]
[EventDate "2018.10.27"]
[EventType "team-tourn"]
[EventCountry "GER"]
[WhiteTeam "Leipzig SC Lindenau"]
[BlackTeam "Leipzig SG"]
[WhiteTeamCountry "GER"]
[BlackTeamCountry "GER"]

1. e4 c5 2. Nf3 d6 3. Bb5+ Bd7 4. Bxd7+ Qxd7 5. O-O Nc6 6. c3 Nf6 7. d4 cxd4 8.
cxd4 d5 9. e5 Ne4 10. Ne1 f6 11. exf6 exf6 12. Be3 Be7 13. Nd2 O-O 14. Nd3 b6
15. Nxe4 dxe4 16. Qb3+ Kh8 17. Nf4 Bd6 18. Qa4 Bxf4 19. Bxf4 Rad8 20. d5 Qxd5
21. Rfd1 Qe6 22. Rac1 b5 23. Rxd8 Rxd8 24. Qa6 Nd4 25. Qxe6 Nxe6 26. Be3 Kg8
27. Kf1 Kf7 28. a3 Rd7 29. h4 h6 30. h5 Rd5 31. Bxa7 Rxh5 32. Kg1 Rd5 33. b3
Rd3 34. a4 Rxb3 35. a5 Ra3 36. Bb6 b4 37. Rb1 b3 38. Kf1 Ke7 39. Ke1 Kd6 40.
Kd2 Nc5 41. Kc3 Kc6 42. Kb4 Ra4+ 43. Kc3 Ra2 44. Kb4 Ra4+ 45. Kc3 Kb5 46. Kd2
Ra2+ 47. Ke3 b2 48. g3 f5 49. Ba7 Kc4 50. Bb6 Ra3+ 51. Kd2 Nd3 52. Be3 Rxa5 53.
Kc2 Ra2 54. Bb6 Nb4+ 55. Kd2 Kb3 56. Bd4 g6 57. Bg7 Nc6 58. Bf6 Na5 59. Rh1
Nc4+ 60. Ke2 b1=Q+ 0-1

[Event "FBL O"]
[Site "?"]
[Date "2018.12.09"]
[Round "5.2"]
[White "Halas, Julia"]
[Black "Lowke, Kathrin"]
[Result "1-0"]
[WhiteElo "1876"]
[BlackElo "1886"]
[PlyCount "113"]
[EventDate "2018.10.27"]
[EventType "team-tourn"]
[EventCountry "GER"]
[WhiteTeam "Leipzig SG"]
[BlackTeam "Leipzig SC Lindenau"]
[WhiteTeamCountry "GER"]
[BlackTeamCountry "GER"]

1. d4 Nf6 2. c4 g6 3. Nc3 Bg7 4. e4 d6 5. Nf3 O-O 6. Be2 Nc6 7. Be3 e5 8. d5
Ne7 9. Nd2 Nd7 10. b4 f5 11. f3 Nf6 12. c5 Nh5 13. Nc4 Nf4 14. Bf1 fxe4 15.
fxe4 Rf6 16. cxd6 cxd6 17. Nb5 b6 18. a4 Ba6 19. g3 Bxb5 20. axb5 Nh5 21. Bh3
Rf8 22. Qd3 Kh8 23. Be6 Ng8 24. Nd2 Bh6 25. Bf2 Ng7 26. Bh3 Nf6 27. Nf1 Qe7 28.
Ne3 Nge8 29. O-O Nc7 30. Ra2 Qe8 31. Rfa1 Qxb5 32. Qc2 Nfe8 33. Nd1 a5 34. Nc3
Qa6 35. bxa5 bxa5 36. Bf1 Qc8 37. Rxa5 Rxa5 38. Rxa5 Qg4 39. Ra7 Qf3 40. Bg2
Qf6 41. Bb6 Rf7 42. Qe2 Qg5 43. Qb2 Kg8 44. Nd1 Qf6 45. Bxc7 Nxc7 46. Rxc7 Rf8
47. Qe2 Qd8 48. Rc6 Qb8 49. h3 Qb4 50. Kh2 Qa3 51. Rc3 Qb4 52. Rf3 Rc8 53. Nf2
Bd2 54. Ng4 Rc1 55. Qf2 Rc8 56. Rf7 Qc3 57. Qf6 1-0

[Event "FBL O"]
[Site "?"]
[Date "2018.12.09"]
[Round "5.3"]
[White "Spangenberg, Romy"]
[Black "Beltz, Martina"]
[Result "0-1"]
[WhiteElo "1874"]
[BlackElo "1939"]
[PlyCount "46"]
[EventDate "2018.10.27"]
[EventType "team-tourn"]
[EventCountry "GER"]
[WhiteTeam "Leipzig SC Lindenau"]
[BlackTeam "Leipzig SG"]
[WhiteTeamCountry "GER"]
[BlackTeamCountry "GER"]

1. e4 c5 2. Nf3 d6 3. d4 cxd4 4. Nxd4 Nf6 5. Nc3 e6 6. Be2 a6 7. Be3 Qc7 8. O-O
b5 9. a3 Bb7 10. f3 Be7 11. Qd2 O-O 12. Rfc1 Nbd7 13. Nd1 d5 14. exd5 Nxd5 15.
c4 bxc4 16. Rxc4 Qe5 17. Nc6 Bxc6 18. Rxc6 Nxe3 19. Nxe3 Bc5 20. Qxd7 Qxe3+ 21.
Kh1 Rad8 22. Qb7 Qxe2 23. Rxc5 Rd1+ 0-1

[Event "FBL O"]
[Site "?"]
[Date "2018.12.09"]
[Round "5.4"]
[White "Gempe, Anet"]
[Black "Weimert, Miriam"]
[Result "0-1"]
[WhiteElo "1982"]
[BlackElo "1792"]
[PlyCount "114"]
[EventDate "2018.10.27"]
[EventType "team-tourn"]
[EventCountry "GER"]
[WhiteTeam "Leipzig SG"]
[BlackTeam "Leipzig SC Lindenau"]
[WhiteTeamCountry "GER"]
[BlackTeamCountry "GER"]

1. e4 c5 2. Nf3 a6 3. Be2 d6 4. d4 cxd4 5. Nxd4 Nf6 6. Nc3 b5 7. a3 Qc7 8. Be3
e6 9. O-O Bb7 10. f3 Be7 11. Qe1 O-O 12. Qf2 Nbd7 13. Nb3 Rac8 14. Rfd1 d5 15.
exd5 Nxd5 16. Nxd5 Bxd5 17. Nd4 Bd6 18. g3 Ne5 19. c3 Qb7 20. f4 Nc4 21. Bxc4
Rxc4 22. Rd2 Rfc8 23. Rad1 Bf8 24. h3 a5 25. Kh2 b4 26. cxb4 axb4 27. axb4 Bxb4
28. Re2 Ba5 29. Bd2 Bxd2 30. Rexd2 Rc1 31. Qe1 R8c4 32. Qe3 h6 33. f5 Qb6 34.
fxe6 fxe6 35. Nf5 Qxe3 36. Nxe3 Re4 37. Nxd5 exd5 38. Rxd5 Re2+ 39. Kh1 Rcc2
40. R5d3 Rh2+ 41. Kg1 Rcg2+ 42. Kf1 Rxb2 43. Kg1 Rxh3 44. Ra1 Kh7 45. Rc1 Rhh2
46. Ra1 Kg6 47. Rc1 Ra2 48. Rb3 Rhd2 49. Re3 Rd4 50. Rf1 Rdd2 51. Rb1 Kh5 52.
Rc1 g5 53. Rb1 Kg4 54. Rb4+ Kh3 55. Rb1 Rg2+ 56. Kh1 Rh2+ 57. Kg1 Rag2+ 0-1

[Event "FBL O"]
[Site "?"]
[Date "2018.12.09"]
[Round "5.5"]
[White "Herbrig, Marie Helen"]
[Black "Lobe, Sandra"]
[Result "1-0"]
[WhiteElo "1864"]
[BlackElo "1819"]
[PlyCount "97"]
[EventDate "2018.10.27"]
[EventType "team-tourn"]
[EventCountry "GER"]
[WhiteTeam "Leipzig SC Lindenau"]
[BlackTeam "Leipzig SG"]
[WhiteTeamCountry "GER"]
[BlackTeamCountry "GER"]

1. d4 Nf6 2. Nf3 d6 3. Bf4 g6 4. e3 Bg7 5. Bd3 c5 6. c3 cxd4 7. exd4 Nc6 8. Qe2
O-O 9. O-O Re8 10. Qc2 e5 11. dxe5 dxe5 12. Bg5 h6 13. Bxf6 Qxf6 14. Nbd2 Qe7
15. Rfe1 Bg4 16. h3 Bxf3 17. Nxf3 Rad8 18. b4 Qc7 19. Rad1 Ne7 20. Qb3 Nd5 21.
Be4 Nxc3 22. Rxd8 Rxd8 23. Bxg6 Nb5 24. Be4 Qc3 25. Bxb7 Qxb3 26. axb3 Nd6 27.
Bd5 Re8 28. Bc6 Re7 29. Rd1 Nb7 30. Nh4 Rc7 31. Nf5 Bf8 32. b5 Nc5 33. Rd8 Ne6
34. Ra8 f6 35. Bd5 Kf7 36. Ne3 Bc5 37. Nf5 Rd7 38. Nxh6+ Kg6 39. Bxe6 Rd1+ 40.
Kh2 Kxh6 41. Kg3 Rd2 42. f3 Bf2+ 43. Kh2 Bc5 44. h4 Rd6 45. Re8 Bf2 46. Kh3 Rd4
47. g3 e4 48. Bf5 exf3 49. Re7 1-0

[Event "FBL O"]
[Site "?"]
[Date "2018.12.09"]
[Round "5.6"]
[White "Just, Gabriele"]
[Black "Spangenberg, Pia"]
[Result "1-0"]
[WhiteElo "1846"]
[BlackElo "1787"]
[PlyCount "63"]
[EventDate "2018.10.27"]
[EventType "team-tourn"]
[EventCountry "GER"]
[WhiteTeam "Leipzig SG"]
[BlackTeam "Leipzig SC Lindenau"]
[WhiteTeamCountry "GER"]
[BlackTeamCountry "GER"]

1. d4 d5 2. Nf3 Nf6 3. Bg5 Nbd7 4. Nbd2 e6 5. e3 Be7 6. Bd3 O-O 7. O-O c5 8. c3
b6 9. Bxf6 Bxf6 10. a4 Bb7 11. a5 e5 12. dxe5 Nxe5 13. Nxe5 Bxe5 14. Qh5 Bxh2+
15. Qxh2 h6 16. a6 Bc6 17. Rfd1 Qf6 18. Qh5 Rad8 19. Nf3 Rfe8 20. Qf5 Qxf5 21.
Bxf5 g6 22. Bc2 Kg7 23. Ba4 Bxa4 24. Rxa4 f5 25. b4 b5 26. Ra5 cxb4 27. cxb4
Re6 28. Nd4 Rb6 29. Rc1 Rd7 30. Nxb5 Kf6 31. Rc7 Rxb5 32. Rxd7 1-0